Stát blahobytu, nebo, kapitalismus? my a svět v éře neoliberalismu 1989-2009

Gespeichert in:
Bibliographische Detailangaben
1. Verfasser: Pick, Miloš
Format: Buch
Sprache:Tschechisch
Veröffentlicht: Všeň Grimmus 2009
Schriftenreihe:Politika / Ekonomika
Schlagworte:
Tags: Tag hinzufügen
Keine Tags, Fügen Sie das erste Tag hinzu!

MARC

LEADER 00000nam a2200000 4500
001 0127912
005 20240313090443.6
020 |a 978-80-902831-4-5 
041 0 |a cze 
044 |a CZ 
245 1 0 |a Stát blahobytu, nebo, kapitalismus?  |b my a svět v éře neoliberalismu 1989-2009  |c Miloš Pick 
264 1 |a Všeň  |b Grimmus  |c 2009 
300 |a 189 s. 
490 1 |a Politika / Ekonomika 
830 0 |a Politika / Ekonomika 
610 2 0 |a privatizácia kupónová 
610 2 0 |a politika hospodárska 
610 2 0 |a vývoj hospodársky 
610 2 0 |a transformácia 
610 2 0 |a kapitalizmus 
610 2 0 |a štát sociálny 
610 2 0 |a blahobyt 
610 2 0 |a kríza finančná 
610 2 0 |a kríza hospodárska 
610 2 0 |a analýzy 
610 2 0 |a Československo 
610 2 0 |a Česko 
100 1 |a Pick, Miloš